000 003440000a22001570004500
005 20120302060538.0
942 _cBOOK
100 _a Suri,Dhanpat
100 _a Rasvyaakhya
245 _a Gudhaartha Deepikaa
260 _aBanaras:Harikrushna Das,1908.
300 _a266,16p.
040 _aSAN
650 _aSanskrut
650 _aAdhyatma
999 _c351481
_d351478